|
|
|
|
| LEADER |
00922nam a2200217 a 4500 |
| 001 |
GR-Patra16781 |
| 008 |
040122s2003 gr g 000 0 gre d |
| 020 |
|
|
|a 9603977047
|
| 040 |
|
|
|a GrPaTEI
|b gre
|c GR-PaULI
|
| 040 |
|
|
|a GrPaTEI
|b gre
|c GR-PaULI
|
| 084 |
|
|
|a Μ
|
| 100 |
1 |
|
|a Λυδίας, Γιώργος
|
| 245 |
1 |
2 |
|a Η δούκισσα της Πλακεντίας και ο αρχιληστής /
|c ιστορικό ανάγνωσμα του Γιώργου Λυδία.
|
| 260 |
|
|
|a Αθήνα :
|b Μοντέρνοι καιροί,
|c c2003
|
| 300 |
|
|
|a 257σ.
|
| 650 |
|
4 |
|a ΙΣΤΟΡΙΚΟ ΜΥΘΙΣΤΟΡΗΜΑ
|
| 710 |
0 |
|
|a Μοντέρνοι καιροί
|
| 942 |
|
|
|2 ddc
|
| 952 |
|
|
|0 0
|1 0
|2 ddc
|4 0
|6 Μ_ΛΥΔ
|7 0
|9 296385
|a LISK
|b LISK
|c BSC
|d 2021-01-17
|e 24
|f 0
|g 0.00
|l 0
|o Μ ΛΥΔ
|p 92410023261
|r 2021-01-17 00:00:00
|t 1
|w 2021-01-17
|y BK15
|x 20040122 0 1
|x GrPaTEI
|
| 971 |
|
|
|a .b26642967
|b 16-04-20
|c 23-09-16
|
| 999 |
|
|
|c 172766
|d 172766
|